Statystyki dla Dopisz kolejny wers - Taco Hemingway.

Kliknij tutaj aby rozwiązać quiz!

Ogólne statystyki

  • Ten quiz został rozwiązany 401 razy
  • Średni wynik to 7 z 21

Statystyki odpowiedzi

AlbumWers 1Wers 2% Poprawnych
JarmarkA little węgiel never killed nobodyPalę czarne złoto z ziomkami
79%
Cafe BelgaMiałem nie robić ich nigdy, miałem nie robić ich za nicAle mam rocznego syna, także mnie proszę zostawić
57%
Umowa o DziełoŻabką płynie Wujek SknerusJestem Donald, straszny nierób
52%
Umowa o DziełoTeraz pociąg mija szybko stację Stadion NarodowyKupowało się tu GTA, no i Eminema album nowy
50%
Trójkąt WarszawskiWbijam tam z grubej ruryUpijam się, mówię bzdury
50%
SzprycerWWA. Tu dostaniesz petardę za nie ten szalikA najciekawsi ludzie to właśnie ci nieciekawi
49%
Pocztówka z WWA, lato '19Nawet zatańczę, gdy leci Chris Brown,Rano wstyd, bo to śmieć co dziewczynie w pysk dał
44%
Cafe BelgaWszyscy nas kochają kiedy wygrywamy,Nienawidzą, gdy przytrafi się Senegal
41%
Trójkąt WarszawskiA nasze koleżanki, piękne jak lalki BarbiePod koniec tańców wyglądają jak laleczki voodoo
39%
SzprycerKiedy byłem mały chłopcem to paliłem kiepyI śmieszne papierosy. Oni walili sety
37%
MarmurGdy się budzisz o zmroku, chwilowy czujesz niepokójŁapiesz kurtkę, wszystko jest: portfel, klucze, telefon
36%
WoskZnowu dziś się trupem ściele światWojna przyjdzie tutaj i od ciebie mnie zabiorą
31%
Cafe BelgaSiedzisz na komodzie, nogi wokół moich,W radiu znowu SOMA gra
27%
WoskNie mam chwili i nie chcę tych zdjęćNie mam żadnej nowej kliki, bo nie chcę jej mieć
25%
MarmurMiesiąc miodowy, wokół wszędzie dźwięczą rozmowyMłodziutkie panny się wpychają złym mężom do głowy
21%
FlageyZawsze pamiętaj, raper to Fifiego drugi zawódPierwszy to pisarz, który kiedyś tu obudzi naród
20%
Soma 0.25Zalewają listy fanów, słucham TLCGłowa wbita w materacu, niby Zinédine
17%
FlageyZiomek, hakuna matataNie będę martwił się, że znów ktoś o mnie bzdury nagadał
17%
MarmurSezon w sezon jestem w grupie śmierciW szatni przedmeczowej jakieś minus siedem stopni
17%
Pocztówka z WWA, lato '19Leci A$AP Rocky z Moby'm, tworzę sobie nowy hitTwierdzą, że ulica ziomy, ale to sezamkowy street
15%
Soma 0.5Nie kumam typów na serio są tacy wiesz (Wredni?)Dokładnie, I nie mając wglądu są bezwględni
7%

Rozkład punktacji

Percentyl według liczby udzielonych odpowiedzi

Procent ludzi z każdym wynikiem

Twoja historia wyników

Nie rozwiązałeś tego quizu